000 01299nam a2200349 c 4500
003 BLK
005 20240509145254.0
008 180410b bul|||||r ||||||| ||bul||
010 _aKNG00171582000
020 _a978-954-28-1409-2
_bиздат.: Сиела Норма
040 _aBLK
041 _aBUL
_cBUL
072 7 _2bullib
_aН15
_xПсихология Н
080 _aПсихология
_b159.9
_x
_z159.9
100 1 _aМинчев, Борис Симеонов
_eпърви автор
_9270139
139 _aМинчев, Борис Симеонов
_bМ 67
245 1 0 _aПсихология
_bЕволюционно феноменологичен подход
_cБорис Симеонов Минчев.
257 _aBGR
260 София
_bСиела Норма
_c2013
_fВ. Търново : Абагар
300 _a584 с.
_bсъс сх., табл.
_c23 см
380 _a1
500 _aБиблиогр. с. 570-583.
650 4 _aПсихология
_9168332
653 _aпсихология
659 _aН
852 _aЦб 272803
856 4 _qpdf
_u
856 4 _qpdf
_u
942 _cKNG
_n0
_018
944 _aCR
_c18.02.2015
_lГалина Якимова
_k30564
944 _aED
_c28.03.2016
_lф /
_kЛюдмила_Стоянова
999 _c164091
_d164091